000 02577nam a22002537a 4500
005 20240305165542.0
007 cr|||| ||||
008 200303s2019 es |||||s|||| 00||0 spa d
020 _a978-84-121260-0-6
035 _a31118
040 _avLex
090 _c10163
_d10163
100 1 _aFernandez Codina, Gonzalo
245 1 0 _aGestación subrogada
_h[Recurso electrónico] :
_bCrítica a sus críticas. Sobre porqué es moralmente lícita y legalizable /
_cGonzalo Fernandez Codina
256 _aServicio en línea
260 _aBarcelona:
_bJ.M. Bosch Editor,
_c2019
300 _a1 recurso electrónico
500 _aDe acuerdo con el viejo principio de los juristas romanos mater sempre certa est (la madre siempre es conocida) mientras que pater sempre incertus est (el padre siempre es desconocido). Sin embargo, con el surgimiento de la gestación subrogada (GS), esta idea milenaria se tambalea. Lo que el lector hallará en este libro será, por un lado, una recopilación exhaustiva de los distintos argumentos en contra de la GS. Y por otro, un examen minucioso de los mismos. Todo ello escrito con un lenguaje llano y directo, con la intención de apelar por igual al académico y al público no especializado que busque conocer la cuestión con mayor profundidad. La tesis final a la que se llegará será doble: en primer lugar, que la GS altruista o comercial es, en condiciones de libertad e información suficiente, éticamente irreprochable. Y en segundo lugar, que, si bien aún no puede afirmarse categóricamente, todo apunta a que la legalización en España (o en países del primer mundo) de la GS intranacional, altruista o comercial, no comporta peligros significativos, por lo que no existirían razones de peso en contra de su regulación. Durante siglos maternidad, embarazo y alumbramiento, han formado una tríada indesligable. Hablar de “madres sin parto” parecía absurdo. Este texto pretende mostrar lo contrario, evidenciando que la GS es una manera perfectamente válida de crear una familia.
506 1 _aDisponible solo en los productos indicados
_dvLex Global
_dvLex Global (Academic Edition, excluding Law Schools)
_dvLex Global (U.S. Academic Edition, Law Schools)
_dvLex Global (U.S. Academic Edition, excluding Law Schools)
_dvLex Global (Academic Edition, Law Schools)
650 0 4 _aFamilia y Sucesiones
_zEspaña
740 0 _avLex Libros (Servicio en línea)
856 4 0 _uhttps://app.vlex.com/#/sources/gestacion-subrogada-critica-a-sus-criticas-sobre-porque-es-moralmente-licita-y-legalizable-31118
942 _cRAA
999 _c168399
_d168399